000 00645nam a2200205Ii 4500
003 JO-AjNU
008 230605s9999||||xx |||||||||||||| ||und||
040 _aJO-AjNU
_bara
_erda
_cJO-AjNU
041 _aara
050 1 4 _aBP161.2 1956
100 3 _aتاليف قراعة، محمود علي,
_eauthor
_99974
245 0 0 _aالتدين الحق
264 3 1 _aالفجالة: دار مصر ، 1956
300 _a184ص
336 _atext
_btxt
_2rdacontent
337 _aunmediated
_bn
_2rdamedia
338 _avolume
_bnc
_2rdacarrier
490 0 _aسلسلة الروح الجامعية
650 4 _aالاسلام - التدين الحق
_99975
999 _aA1573
_c5141
_d5141